Missing Word: Books Beginning with 'O' Quiz Stats

 Plays Quiz Updated Sep 5, 2015

Score 0/20 Timer 04:00
0 Plays Today
BOOKS ANSWER % Correct
Of ____ And MenMice
99.3%
One Flew Over the Cuckoo's ____Nest
98.2%
Oliver ____Twist
97.9%
The Old Man and the ____Sea
96%
One Hundred ____ of SolitudeYears
95.1%
On Her ____ Secret ServiceMajesty's
89.1%
On the ____ of SpeciesOrigin
83.4%
Oh, the ____ You'll GoPlaces
81.5%
Out of ____Africa
81.1%
Of ____ BondageHuman
78.8%
BOOKS ANSWER % Correct
The Old Wives' ____Tale
78.1%
On the ____Road
77.2%
The Old ____ ShopCuriosity
65.3%
The Once and ____ KingFuture
61.4%
Our ____ in HavanaMan
56.1%
Oedipus the ____King
55.5%
One Day in the Life of ____ DenisovichIvan
54.2%
On the Interpretation of ____Dreams
52.1%
The Orphan Master's ____Son
24.6%
The Optimist's ____Daughter
23.7%

Today's Daily Dose

You're not logged in!

Compare scores with friends on all Sporcle quizzes.
OR
Log In

You Might Also Like...

Show Comments

Extras

Top Quizzes Today


Score Distribution

Your Account Isn't Verified!

In order to create a playlist on Sporcle, you need to verify the email address you used during registration. Go to your Sporcle Settings to finish the process.

Report this User

Report this user for behavior that violates our Community Guidelines.

Details: